Chain Words Characters - Statistics

General Stats
  • This quiz has been taken 27 times
    13 since last reset
  • The average score is 14 of 24
Answer Stats
Hint Answer % Correct
Finding _____ Nemo
100%
Snowman from Frozen Olaf
100%
Goes on a Flying Carpet Aladdin
91%
Who says "I am Your Father" Darth Vader
91%
Tony Stark Iron Man
91%
Little Mermaid Ariel
82%
Marios Brother Luigi
82%
Who is the blue robot in Star Wars R2-D2
82%
Who Mario's enemy Bowser
73%
Simba's Wife Nala
64%
A princess with long hair Rapunzel
64%
Zeus's Brother Hades
55%
Ka-chow Lightning McQueen
55%
Smartest Simpson Lisa Simpson
45%
Who is the Monkey in the Lion King Rafiki
45%
Alien 626 Stitch
45%
Green Jedi Yoda
45%
Wally West Flash
36%
Star Wars Jedi Obi Wan Kenobi
36%
bird from Winnie the Pooh Owl
36%
parrot from aladdin Iago
27%
Has Fire On His Head Anger
18%
Who said "Never tell me the odds!" Han Solo
18%
Bowser's son (4th oldest) Iggy
18%
No matching quizzes found
Score Distribution
Percent of People with Each Score
Percentile by Number Answered
Your Score History
You have not taken this quiz since the last reset